[Event "8th Asian Continental/Individu"]
[Site "Subic Bay Free Port"]
[Date "2009.05.15"]
[Round "3.16"]
[White "Le, Thi Phuong Lien"]
[Black "Xu, Huahua"]
[Result "1/2-1/2"]
[WhiteElo "2216"]
[BlackElo "2093"]
[PlyCount "67"]
[EventDate "2009.05.13"]

1. e4 c5 2. Nf3 Nc6 3. d4 cxd4 4. Nxd4 Nf6 5. Nc3 e5 6. Ndb5 d6 7. Bg5 a6 8.
Na3 b5 9. Bxf6 gxf6 10. Nd5 f5 11. c3 Bg7 12. exf5 Bxf5 13. Nc2 O-O 14. Nce3
Be6 15. g3 f5 16. Bg2 Rb8 17. O-O Qd7 18. Qh5 b4 19. Rfd1 bxc3 20. bxc3 e4 21.
Nf4 Ne7 22. Ned5 Nxd5 23. Nxd5 Bxd5 24. Rxd5 Rb5 25. Rad1 Rxd5 26. Rxd5 Bxc3
27. Bh3 Be5 28. Qe2 Qf7 29. Qc4 Kh8 30. Kh1 Qh5 31. Bg2 Qf7 32. Bh3 Qh5 33. Bg2
Qf7 34. Bh3 1/2-1/2

[Event "8th Asian Continental/Individu"]
[Site "Subic Bay Free Port"]
[Date "2009.05.15"]
[Round "3.17"]
[White "Perena, Catherine"]
[Black "Lkhamsuren, Uuganbayar"]
[Result "1/2-1/2"]
[WhiteElo "2184"]
[BlackElo "2038"]
[PlyCount "50"]
[EventDate "2009.05.13"]

1. d4 d5 2. c4 c6 3. Nf3 Nf6 4. Nc3 e6 5. e3 Nbd7 6. Bd3 dxc4 7. Bxc4 b5 8. Be2
Bb7 9. O-O a6 10. e4 c5 11. e5 cxd4 12. Qxd4 Bc5 13. Qf4 Nd5 14. Nxd5 Bxd5 15.
Ng5 O-O 16. Bd3 f5 17. exf6 Nxf6 18. Be3 Be7 19. Rfd1 Qe8 20. Qe5 Qh5 21. Qg3
Rad8 22. Bd4 Bd6 23. f4 Ng4 24. Nh3 Nf6 25. Ng5 Be7 1/2-1/2

[Event "8th Asian Continental/Individu"]
[Site "Subic Bay Free Port"]
[Date "2009.05.15"]
[Round "3.19"]
[White "Sun, Fanghui"]
[Black "Camacho, Cheradee"]
[Result "0-1"]
[WhiteElo "2165"]
[BlackElo "2054"]
[PlyCount "86"]
[EventDate "2009.05.13"]

1. e4 c5 2. Nf3 e6 3. d4 cxd4 4. Nxd4 a6 5. Bd3 Qc7 6. O-O Nf6 7. Kh1 Bc5 8.
Nb3 Be7 9. Qe2 Nc6 10. f4 b5 11. a4 bxa4 12. Rxa4 Nb4 13. Bd2 Nxd3 14. Qxd3 O-O
15. Nc3 Bb7 16. Na5 d5 17. exd5 Rfd8 18. Qc4 Qxc4 19. Rxc4 Bxd5 20. Nxd5 Rxd5
21. Bc3 Ng4 22. Rd4 Rh5 23. h3 Ne3 24. Rc1 Bf6 25. Rd3 Bxc3 26. Rxc3 Nxg2 27.
Kxg2 Rxa5 28. Rd1 g5 29. Rg3 h6 30. h4 Kg7 31. hxg5 hxg5 32. fxg5 Rc8 33. c3
Ra2 34. Rd6 Kg6 35. Kh3 Rxb2 36. Rxa6 Rb3 37. Ra5 Rbxc3 38. Rxc3 Rxc3+ 39. Kg4
Rc4+ 40. Kg3 Re4 41. Ra7 Re5 42. Kh4 Rxg5 43. Rxf7 Rh5+ 0-1

[Event "8th Asian Continental/Individu"]
[Site "Subic Bay Free Port"]
[Date "2009.05.15"]
[Round "3.21"]
[White "Tay, Li-Jin Jeslin"]
[Black "Shamima, Akter Liza"]
[Result "0-1"]
[WhiteElo "2068"]
[BlackElo "2125"]
[PlyCount "112"]
[EventDate "2009.05.13"]

1. e4 c5 2. Nf3 Nc6 3. Bb5 g6 4. O-O Bg7 5. c3 e5 6. Re1 Nge7 7. d3 O-O 8. Be3
Qa5 9. Na3 d6 10. d4 Rd8 11. Bg5 h6 12. Bd2 a6 13. Bf1 b5 14. Qc1 Kh7 15. dxc5
dxc5 16. Be3 c4 17. b3 Be6 18. bxc4 Rac8 19. Qb2 f5 20. cxb5 axb5 21. Nxb5 Rb8
22. a4 fxe4 23. Nd2 Nf5 24. Nb3 Qa8 25. Nc5 Bg8 26. Nxe4 Na5 27. Qb1 Nxe3 28.
Rxe3 Bd5 29. Qe1 Rbc8 30. Ned6 Rc5 31. f3 Nc4 32. Nxc4 Bxc4 33. Bxc4 Rxc4 34.
a5 Qa6 35. Na3 Rc5 36. Qf1 Rxa5 37. Qxa6 Rxa6 38. Ree1 e4 39. Nc4 Rxa1 40. Rxa1
exf3 41. gxf3 Rd3 42. Ra7 Rxc3 43. Nd6 Kg8 44. Kg2 Rc2+ 45. Kh3 Be5 46. Ra8+
Kg7 47. Ra7+ Kf8 48. Ra8+ Ke7 49. Nc8+ Kf6 50. f4 Bxf4 51. Ra6+ Kg7 52. Ra7+
Kf8 53. Ra8 h5 54. Nd6+ Ke7 55. Nc8+ Kf6 56. Ra6+ Kg5 0-1

[Event "8th Asian Continental/Individu"]
[Site "Subic Bay Free Port"]
[Date "2009.05.15"]
[Round "3.22"]
[White "Mendoza, Beverly"]
[Black "Salvador, Aices"]
[Result "0-1"]
[WhiteElo "2045"]
[BlackElo "2040"]
[PlyCount "114"]
[EventDate "2009.05.13"]

1. e4 e6 2. d3 d5 3. Nd2 Nf6 4. Ngf3 c5 5. g3 Be7 6. Bg2 O-O 7. O-O Nc6 8. Re1
Rb8 9. e5 Nd7 10. Nf1 b5 11. h4 Bb7 12. Bf4 Qa5 13. Ne3 Rfd8 14. Ng4 Nd4 15.
Ng5 Nf5 16. Nh2 Nf8 17. Bh3 Qb6 18. Bxf5 exf5 19. e6 fxe6 20. Bxb8 Rxb8 21. Qh5
g6 22. Qe2 Bf6 23. Rab1 e5 24. Nh3 Qc6 25. Qf3 Re8 26. g4 e4 27. Qg2 Kh8 28.
gxf5 gxf5 29. Ng5 Bxg5 30. Qxg5 Qg6 31. Kf1 Qxg5 32. hxg5 Ne6 33. f3 Nxg5 34.
fxe4 dxe4 35. dxe4 Bxe4 36. Rbd1 Re7 37. Rd2 Kg7 38. Kf2 h5 39. Rde2 Kf6 40.
Kg3 Ne6 41. c3 Rg7+ 42. Kf2 Nf4 43. Rxe4 fxe4 44. Rxe4 Kf5 45. Ke3 Nd5+ 46. Kf3
Rg3+ 47. Kxg3 Kxe4 48. Kf2 Kd3 49. Kf3 Ne3 50. Kf4 Nd1 51. Ke5 Nxb2 52. Kd5 c4
53. Kc5 Na4+ 54. Kxb5 Nxc3+ 55. Kb4 Nxa2+ 56. Ka3 Nc1 57. Kb2 Ne2 0-1

[Event "8th Asian Continental/Individu"]
[Site "Subic Bay Free Port"]
[Date "2009.05.16"]
[Round "4.4"]
[White "Tania, Sachdev"]
[Black "Nguyen, Thi Mai Hung"]
[Result "1-0"]
[WhiteElo "2423"]
[BlackElo "2295"]
[PlyCount "143"]
[EventDate "2009.05.13"]

1. d4 d5 2. c4 e6 3. Nf3 c6 4. e3 Nf6 5. b3 Ne4 6. Bd3 Bd6 7. O-O O-O 8. Qc2 f5
9. Ba3 b6 10. Bxd6 Qxd6 11. Nbd2 Nd7 12. Qb2 c5 13. Rad1 Qe7 14. cxd5 exd5 15.
dxc5 bxc5 16. Bb5 Rb8 17. Bc6 Bb7 18. Bxb7 Rxb7 19. Nb1 Ndf6 20. Nc3 Rd8 21.
Ne2 Rb6 22. Qa3 Rb7 23. h3 Rbd7 24. Qb2 Re8 25. Qc2 Qd8 26. Nh4 Nh5 27. Nxf5
Rf8 28. f3 Ng5 29. Nfg3 Nxg3 30. Nxg3 Qc7 31. Ne2 Rd6 32. Rc1 Rc6 33. Qd2 Qd8
34. Nf4 Rd6 35. Rxc5 d4 36. exd4 Rxd4 37. Qa5 Qxa5 38. Rxa5 h6 39. Rxg5 Rfxf4
40. Rg4 Rxg4 41. hxg4 Rd2 42. Rf2 Rd1+ 43. Kh2 Kf7 44. Rc2 Rd7 45. Rc6 Rb7 46.
Ra6 Kg8 47. Kg3 Rf7 48. f4 Kh7 49. f5 Rd7 50. Kf4 Kg8 51. g5 hxg5+ 52. Kxg5 Kf7
53. g4 Rb7 54. Kf4 Re7 55. g5 Rb7 56. Ke5 Rd7 57. f6 gxf6+ 58. gxf6 Rb7 59. Kd5
Kg6 60. Re6 Rb5+ 61. Kc4 Rh5 62. Ra6 Rh4+ 63. Kc3 Rh3+ 64. Kb2 Rf3 65. Rxa7
Kxf6 66. Rd7 Ke6 67. Rd2 Rf4 68. a4 Rf3 69. Ka3 Rf4 70. a5 Re4 71. b4 Re1 72.
Ka4 1-0

[Event "8th Asian Continental/Individu"]
[Site "Subic Bay Free Port"]
[Date "2009.05.16"]
[Round "4.5"]
[White "Nadig, Kruttika"]
[Black "Ding, Yixin"]
[Result "0-1"]
[WhiteElo "2361"]
[BlackElo "2281"]
[PlyCount "116"]
[EventDate "2009.05.13"]

1. e4 c5 2. Nf3 d6 3. d4 cxd4 4. Nxd4 Nf6 5. Nc3 a6 6. Bg5 e6 7. f4 Be7 8. Qf3
Qc7 9. O-O-O Nbd7 10. Bd3 h6 11. Bh4 g5 12. fxg5 Ne5 13. Qe2 Nfg4 14. Nf3 hxg5
15. Bg3 Bd7 16. Rdf1 Rh7 17. Qd2 b5 18. a3 Nxd3+ 19. Qxd3 Ne5 20. Bxe5 dxe5 21.
Rd1 f6 22. h4 gxh4 23. Nxh4 Rg7 24. Qh3 O-O-O 25. Rd3 Kb8 26. Rhd1 Bc8 27. g3
Rxd3 28. Rxd3 Qc5 29. Qf1 Bb7 30. Kb1 Rg8 31. Qh3 Qc6 32. Nf3 Rc8 33. Qh7 Rc7
34. Qh8+ Ka7 35. Qh2 a5 36. Re3 Bc5 37. Re1 Bxa3 38. Qe2 Ka6 39. Nxb5 Qxb5 40.
Qxb5+ Kxb5 41. bxa3 Rc3 42. Nd2 Rxg3 43. Rf1 Rg6 44. Kb2 a4 45. Rf2 Kc5 46. Kc3
Bc8 47. Re2 Rg3+ 48. Kb2 Kd4 49. Rh2 Bb7 50. Rh7 Bxe4 51. Rd7+ Bd5 52. c4 Rg2
53. cxd5 exd5 54. Kc1 e4 55. Kd1 f5 56. Rf7 Kd3 57. Nf1 Ra2 58. Ke1 e3 0-1

[Event "8th Asian Continental/Individu"]
[Site "Subic Bay Free Port"]
[Date "2009.05.16"]
[Round "4.6"]
[White "Pourkashiyan, Atousa"]
[Black "Zhang, Jilin"]
[Result "0-1"]
[WhiteElo "2273"]
[BlackElo "2335"]
[PlyCount "154"]
[EventDate "2009.05.13"]

1. e4 d6 2. d4 Nf6 3. Nc3 g6 4. f4 Bg7 5. Nf3 O-O 6. Be2 c5 7. dxc5 dxc5 8. e5
Qxd1+ 9. Bxd1 Nfd7 10. Nd5 Nc6 11. e6 Nb6 12. exf7+ Rxf7 13. Nc7 Rb8 14. Ng5
Rf8 15. Nge6 Bxe6 16. Nxe6 Rfe8 17. c3 c4 18. O-O Nd8 19. Bg4 Nd5 20. Bh3 Nf7
21. Rd1 Nf6 22. Be3 b6 23. Bd4 Nh5 24. Bxg7 Nxg7 25. Rd7 a5 26. Nc7 Red8 27.
Rxe7 Rd2 28. Ne6 Re8 29. Rxe8+ Nxe8 30. b3 Ned6 31. Nd4 cxb3 32. axb3 Rd3 33.
Rc1 Ne4 34. Nb5 Kg7 35. Bg4 Nfd6 36. Nxd6 Rxd6 37. Bf3 Nd2 38. Bd1 Rd3 39. b4
Ne4 40. bxa5 bxa5 41. c4 Nc3 42. c5 Nxd1 43. c6 Rd8 44. c7 Rc8 45. Rxd1 Rxc7
46. Ra1 Ra7 47. Kf2 a4 48. Ra3 Kf6 49. Ke3 Kf5 50. Kf3 Ke6 51. Ke4 h5 52. g3
Ra5 53. h3 Ra8 54. g4 Ra7 55. Kd4 Kd6 56. Kc4 Rf7 57. Rf3 a3 58. Rd3+ Kc6 59.
f5 gxf5 60. gxh5 Ra7 61. Rd1 a2 62. Ra1 Kd6 63. h6 Ke5 64. Kb3 Kf6 65. h7 Kg7
66. Kc4 Kxh7 67. Kd5 Ra4 68. Ke5 Kg6 69. Kd5 Ra8 70. Kc4 Kg5 71. Kd3 Ra3+ 72.
Ke2 Rxh3 73. Kf2 Kf4 74. Kg2 Ra3 75. Kf2 Ke4 76. Ke2 f4 77. Kd2 Kd4 0-1

[Event "8th Asian Continental/Individu"]
[Site "Subic Bay Free Port"]
[Date "2009.05.16"]
[Round "4.7"]
[White "Mohota, Nisha"]
[Black "Wang, Xiaohui"]
[Result "1-0"]
[WhiteElo "2304"]
[BlackElo "2265"]
[PlyCount "71"]
[EventDate "2009.05.13"]

1. d4 Nf6 2. c4 e6 3. Nf3 b6 4. g3 Ba6 5. Qc2 Bb4+ 6. Bd2 Be7 7. e4 d5 8. cxd5
Bxf1 9. Kxf1 exd5 10. e5 Ne4 11. Nc3 Nxc3 12. bxc3 Nc6 13. h4 Qd7 14. Ng5 Bxg5
15. hxg5 O-O-O 16. Kg2 g6 17. Rh6 Rdg8 18. Rah1 Rg7 19. Bf4 Qe6 20. Qd3 Kb7 21.
Qf3 Ne7 22. Bc1 Qf5 23. Ba3 Qxf3+ 24. Kxf3 Nc6 25. Ke2 Kc8 26. f4 Kd7 27. g4
Nd8 28. Bc1 c5 29. f5 cxd4 30. cxd4 Nc6 31. Be3 Nb4 32. e6+ fxe6 33. fxg6 Nc6
34. Rxh7 Rhg8 35. Rxg7+ Rxg7 36. Rh7 1-0

[Event "8th Asian Continental/Individu"]
[Site "Subic Bay Free Port"]
[Date "2009.05.16"]
[Round "4.8"]
[White "Hoang, Thi Bao Tram"]
[Black "Meenakshi, Subbaraman"]
[Result "1-0"]
[WhiteElo "2239"]
[BlackElo "2303"]
[PlyCount "53"]
[EventDate "2009.05.13"]

1. d4 Nf6 2. Nf3 c5 3. e3 g6 4. Be2 Bg7 5. O-O b6 6. c3 O-O 7. a4 d5 8. Ne5
Nfd7 9. f4 Bb7 10. Bf3 f6 11. Ng4 e5 12. dxe5 Nc6 13. Qxd5+ Kh8 14. Rd1 Na5 15.
Qxd7 Bxf3 16. gxf3 Qxd7 17. Rxd7 Nb3 18. Ra3 Nxc1 19. Rd1 fxe5 20. Rxc1 exf4
21. e4 Rad8 22. Ra1 Rd3 23. Kg2 Rfd8 24. Nf2 Re3 25. Na3 Bf6 26. Rd1 Re2 27.
Nc4 1-0

[Event "8th Asian Continental/Individu"]
[Site "Subic Bay Free Port"]
[Date "2009.05.16"]
[Round "4.9"]
[White "Xu, Tong"]
[Black "Huang, Qian"]
[Result "0-1"]
[WhiteElo "2231"]
[BlackElo "2410"]
[PlyCount "80"]
[EventDate "2009.05.13"]

1. e4 c5 2. Nf3 d6 3. Bc4 Nf6 4. d3 Nc6 5. c3 a6 6. Bb3 Bg4 7. h3 Bh5 8. Nbd2
e6 9. Qe2 Be7 10. Bc2 Rc8 11. g4 Bg6 12. Nf1 Nd7 13. Ng3 h5 14. gxh5 Bxh5 15.
Nxh5 Rxh5 16. Bf4 g6 17. O-O-O b5 18. Kb1 b4 19. c4 Nde5 20. Ba4 Kf8 21. Bxc6
Nxc6 22. e5 dxe5 23. Nxe5 Bf6 24. Ng4 Bg7 25. Be3 a5 26. f4 a4 27. Rhf1 Rf5 28.
Bc1 a3 29. Ne3 Rh5 30. f5 Nd4 31. Qf2 Nxf5 32. Ng2 Rxh3 33. Nf4 Rh4 34. Rde1
Kg8 35. Rg1 axb2 36. Bxb2 Rxf4 37. Qxf4 Qxd3+ 38. Ka1 Bxb2+ 39. Kxb2 Qc3+ 40.
Kb1 b3 0-1

[Event "8th Asian Continental/Individu"]
[Site "Subic Bay Free Port"]
[Date "2009.05.16"]
[Round "4.10"]
[White "Muminova, Nafisa"]
[Black "Karavade, Eesha"]
[Result "1/2-1/2"]
[WhiteElo "2212"]
[BlackElo "2359"]
[PlyCount "125"]
[EventDate "2009.05.13"]

1. e4 c5 2. Nf3 d6 3. Bb5+ Nd7 4. d4 Ngf6 5. Nc3 a6 6. Bxd7+ Nxd7 7. O-O e6 8.
Bg5 Qc7 9. d5 e5 10. a4 h6 11. Bh4 b6 12. Nd2 g6 13. Nc4 Bg7 14. g4 Rb8 15. Kh1
Nf6 16. f3 b5 17. Ne3 Bd7 18. axb5 axb5 19. Rg1 Nh7 20. Bg3 O-O 21. Qe2 Kh8 22.
Bh4 Rfc8 23. b3 Qb7 24. Ra2 Ra8 25. Rga1 Rxa2 26. Rxa2 c4 27. b4 Ng5 28. Kg2
Ra8 29. Rxa8+ Qxa8 30. Ncd1 Bf6 31. Bf2 Bd8 32. c3 Nh7 33. Qb2 Nf8 34. Qc1 Kh7
35. Qb1 Bc8 36. Qb2 Nd7 37. Be1 Nb6 38. Qc2 Bd7 39. Bf2 Bc8 40. Be1 Qa3 41. Qb2
Qb3 42. Qe2 Na4 43. Qd2 Bg5 44. Qc2 Nb2 45. Qxb2 Bxe3 46. Qe2 Bf4 47. Ne3 Qb1
48. Bg3 Bg5 49. Bf2 Kg7 50. Qc2 Qb3 51. Qc1 Qa2 52. Qc2 Qa1 53. Nd1 Qa4 54. Qe2
Qb3 55. Bb6 f5 56. Bc7 Be7 57. Bb6 fxg4 58. fxg4 Qb1 59. h3 Bg5 60. Bc7 Be7 61.
Bb6 Bg5 62. Bc7 Be7 63. Bb6 1/2-1/2

[Event "8th Asian Continental/Individu"]
[Site "Subic Bay Free Port"]
[Date "2009.05.16"]
[Round "4.12"]
[White "Camacho, Chardine Cheradee"]
[Black "Nguyen, Thi Thanh An"]
[Result "1/2-1/2"]
[WhiteElo "2166"]
[BlackElo "2324"]
[PlyCount "130"]
[EventDate "2009.05.13"]

1. e4 c5 2. Nf3 Nc6 3. d4 cxd4 4. Nxd4 Nf6 5. Nc3 d6 6. Be2 e5 7. Nxc6 bxc6 8.
O-O Be7 9. f4 O-O 10. Qd3 Rb8 11. Qg3 exf4 12. Rxf4 Be6 13. b3 Nd7 14. Bb2 Ne5
15. Rd1 Ng6 16. Rff1 Qb6+ 17. Kh1 Qc5 18. Na4 Qa5 19. Bc3 Qc7 20. Nb2 Rbd8 21.
Nc4 Rd7 22. Ne3 Bh4 23. Qf3 d5 24. exd5 cxd5 25. Bd4 Be7 26. Bd3 Bc5 27. Bf5
Bxd4 28. Rxd4 Qe5 29. Rfd1 Re7 30. h4 Bc8 31. Bxc8 Qxe3 32. Qxe3 Rxe3 33. Bb7
Re2 34. R1d2 Rxd2 35. Rxd2 Nxh4 36. Rxd5 f5 37. c4 Re8 38. c5 Re1+ 39. Kh2 Re2
40. Rd4 g5 41. Bd5+ Kf8 42. c6 Rc2 43. Rd1 Rc5 44. b4 Rc2 45. b5 Ke7 46. Kh1
Rc5 47. a4 Ng6 48. Bg8 h5 49. Rd7+ Kf6 50. Rxa7 Ne5 51. g3 f4 52. gxf4 gxf4 53.
c7 Rc1+ 54. Kh2 Rc2+ 55. Kg1 Nf3+ 56. Kf1 Nh2+ 57. Kg1 f3 58. c8=Q Rxc8 59.
Rf7+ Ke5 60. Bh7 Ng4 61. Rxf3 Rc1+ 62. Rf1 Rc3 63. Rf5+ Kd6 64. Rxh5 Ra3 65.
Kg2 Rxa4 1/2-1/2

[Event "8th Asian Continental/Individu"]
[Site "Subic Bay Free Port"]
[Date "2009.05.16"]
[Round "4.13"]
[White "Sukandar, Irine Kharisma"]
[Black "Guo, Qi"]
[Result "1-0"]
[WhiteElo "2300"]
[BlackElo "2147"]
[PlyCount "139"]
[EventDate "2009.05.13"]

1. e4 e6 2. d4 d5 3. exd5 exd5 4. Nf3 Bd6 5. c4 c6 6. Nc3 Nf6 7. cxd5 Nxd5 8.
Nxd5 cxd5 9. Bd3 Bb4+ 10. Bd2 Qe7+ 11. Be2 O-O 12. O-O Nc6 13. Re1 Bxd2 14.
Qxd2 Qf6 15. Bb5 Ne7 16. Rac1 Ng6 17. Qg5 Qxg5 18. Nxg5 h6 19. Nf3 a6 20. Ba4
Bg4 21. Ne5 Nxe5 22. Rxe5 Rac8 23. Rxc8 Rxc8 24. h3 Be6 25. Bb3 Rc1+ 26. Kh2
Rb1 27. Re2 b5 28. Kg3 a5 29. Kf4 a4 30. Bc2 Rg1 31. f3 Kf8 32. Ke3 Bd7 33. a3
g5 34. Kd2 h5 35. Kc3 g4 36. hxg4 hxg4 37. fxg4 Bxg4 38. Rd2 Ke7 39. Kb4 Bd7
40. Kc5 Rc1 41. Re2+ Kd8 42. Kxd5 Be6+ 43. Kd6 Bc4 44. Rf2 Re1 45. Kc5 Re7 46.
d5 Re5 47. Rd2 Kd7 48. Bxa4 bxa4 49. Kxc4 Kd6 50. g4 Re3 51. Rd3 Re1 52. Rd4
Re8 53. Rf4 Rc8+ 54. Kd3 Ra8 55. Kd4 Rb8 56. Kc3 Ra8 57. Rxf7 Kxd5 58. g5 Rc8+
59. Kb4 Rb8+ 60. Kxa4 Rxb2 61. g6 Ke6 62. Ra7 Rg2 63. g7 Rg4+ 64. Kb5 Rg5+ 65.
Kb6 Rg6 66. Rb7 Kf5+ 67. Kb5 Rg5 68. Kb6 Rg6+ 69. Ka7 Rg4 70. Kb8 1-0

[Event "8th Asian Continental/Individu"]
[Site "Subic Bay Free Port"]
[Date "2009.05.16"]
[Round "4.14"]
[White "Cua, Sherily"]
[Black "Le, Kieu Thien Kim"]
[Result "1-0"]
[WhiteElo "2143"]
[BlackElo "2277"]
[PlyCount "85"]
[EventDate "2009.05.13"]

1. d4 Nf6 2. c4 g6 3. Nc3 d5 4. Nf3 c6 5. Qb3 dxc4 6. Qxc4 Bg7 7. g3 Na6 8. Bg2
O-O 9. O-O h6 10. e4 Be6 11. Qe2 Qc8 12. Rd1 Bg4 13. Be3 Nc7 14. Rac1 Qe6 15.
Qc2 Rac8 16. Rd2 Nb5 17. Ne5 Bh3 18. Bh1 Nxc3 19. bxc3 c5 20. Qb1 cxd4 21. cxd4
Rxc1+ 22. Qxc1 Qa6 23. Rc2 Rd8 24. Bf3 Nd7 25. Nxd7 Rxd7 26. d5 Kh7 27. Be2 b5
28. Qb1 Qa4 29. Rc5 a6 30. Qc2 Qb4 31. Bd2 Qd4 32. Bd3 Qa1+ 33. Qb1 Qxb1+ 34.
Bxb1 e6 35. Bf4 Rd8 36. Bc7 Rd7 37. d6 Bd4 38. Rc6 a5 39. Bxa5 Be5 40. Bb4 g5
41. Bd3 Rb7 42. Rc5 Bxd6 43. e5+ 1-0

[Event "8th Asian Continental/Individu"]
[Site "Subic Bay Free Port"]
[Date "2009.05.16"]
[Round "4.15"]
[White "Dang, Bich Ngoc"]
[Black "Ghader Pour, Shayesteh"]
[Result "1/2-1/2"]
[WhiteElo "2185"]
[BlackElo "2156"]
[PlyCount "192"]
[EventDate "2009.05.13"]

1. c4 e6 2. Nc3 Bb4 3. e4 Ne7 4. Nf3 c5 5. a3 Ba5 6. Na4 d6 7. Rb1 Nbc6 8. Be2
O-O 9. O-O Bd7 10. d3 a6 11. Nc3 Rb8 12. d4 cxd4 13. Nxd4 Bxc3 14. bxc3 Qc7 15.
Nb3 Ne5 16. Be3 Ba4 17. Qd4 N7c6 18. Qb6 Qxb6 19. Bxb6 Rbc8 20. Rfd1 Nd7 21.
Be3 Bxb3 22. Rxb3 Na5 23. Rb4 Ne5 24. Rxd6 Nexc4 25. Bxc4 Nxc4 26. Rd3 b5 27.
Rb1 h6 28. Kf1 Rc6 29. Bc1 Rfc8 30. f3 Ne5 31. Rd1 f6 32. Ra1 Rxc3 33. Bb2 Rc2
34. Bxe5 fxe5 35. Rd6 R8c6 36. Rad1 Rc1 37. Rxc1 Rxd6 38. Ke2 Rd4 39. Rc6 Ra4
40. Rc3 Kf7 41. Kd2 Kf6 42. Kc2 a5 43. Rb3 Rc4+ 44. Kb2 b4 45. axb4 axb4 46.
Re3 Rd4 47. Kc2 Ke7 48. Re1 h5 49. h4 Kf6 50. Ra1 g5 51. hxg5+ Kxg5 52. Ra6 Kf6
53. Ra8 Rd7 54. Rg8 h4 55. Rf8+ Rf7 56. Rd8 Rg7 57. Rd2 Rg3 58. Rf2 Kg5 59. Kb3
Kf4 60. Kxb4 h3 61. gxh3 Rxh3 62. Rc2 Rxf3 63. Rh2 Kxe4 64. Rh6 Ke3 65. Kc3 e4
66. Rh2 Rf2 67. Rh3+ Rf3 68. Rh2 Rg3 69. Kc2 Kd4 70. Kd2 Ra3 71. Rh6 Ra2+ 72.
Ke1 e5 73. Rb6 Ke3 74. Rb3+ Kf4 75. Rc3 Rg2 76. Ra3 Rg3 77. Ra8 Kf3 78. Kf1 Rh3
79. Rf8+ Ke3 80. Re8 Rf3+ 81. Ke1 Rf5 82. Ra8 Rh5 83. Ra3+ Kf4 84. Ke2 Rg5 85.
Rb3 Rg2+ 86. Kf1 Rg3 87. Rb8 Ra3 88. Rh8 Kg3 89. Ke2 Kf4 90. Rf8+ Kg5 91. Rf1
Rh3 92. Rf8 Rh4 93. Ke3 Rg4 94. Rg8+ Kf5 95. Rf8+ Kg5 96. Rg8+ Kf5 1/2-1/2

[Event "8th Asian Continental/Individu"]
[Site "Subic Bay Free Port"]
[Date "2009.05.16"]
[Round "4.16"]
[White "Salvador, Aices"]
[Black "Le, Thi Phuong Lien"]
[Result "1-0"]
[WhiteElo "2040"]
[BlackElo "2216"]
[PlyCount "63"]
[EventDate "2009.05.13"]

1. e4 c5 2. c3 d5 3. exd5 Qxd5 4. d4 cxd4 5. cxd4 Nc6 6. Nf3 e6 7. Be2 Nf6 8.
O-O Be7 9. Nc3 Qd6 10. Nb5 Qd7 11. Ne5 Nxe5 12. dxe5 Nd5 13. Qb3 a6 14. Rd1 O-O
15. Nc3 Nxc3 16. Qxc3 Qe8 17. Qg3 Kh8 18. Bf3 f5 19. Bg5 Bd7 20. Bxb7 Rb8 21.
Bxa6 Rxb2 22. Qc3 Bxg5 23. Qxb2 Bc6 24. Bb7 Qb8 25. Rdb1 Bxb7 26. Qxb7 Qxe5 27.
a4 h6 28. a5 Bd8 29. Qb8 Qc5 30. Rc1 Bxa5 31. Rxc5 Rxb8 32. Rcxa5 1-0

[Event "8th Asian Continental/Individu"]
[Site "Subic Bay Free Port"]
[Date "2009.05.16"]
[Round "4.17"]
[White "Docena, Jedara"]
[Black "Perena, Catherine"]
[Result "0-1"]
[WhiteElo "1999"]
[BlackElo "2184"]
[PlyCount "84"]
[EventDate "2009.05.13"]

1. e4 e5 2. Nc3 Nf6 3. f4 d5 4. fxe5 Nxe4 5. Nf3 Be7 6. d3 Nxc3 7. bxc3 O-O 8.
Be2 Nc6 9. d4 f6 10. exf6 Bxf6 11. O-O Bg4 12. Rb1 b6 13. Ba3 Re8 14. Bb5 Qd7
15. Qd2 a6 16. Bd3 Na5 17. h3 Bxf3 18. Rxf3 Qa4 19. Bb4 Nc4 20. Qf4 Qd7 21. g4
a5 22. g5 Bxg5 23. Qxg5 axb4 24. Rbf1 Re7 25. cxb4 Rae8 26. Qh5 g6 27. Qh6 Rg7
28. Qf4 Qe7 29. R3f2 Qxb4 30. h4 Qd6 31. Qg5 Qd8 32. Qg3 Nd6 33. Qg2 Nf5 34.
Qg5 Qxg5+ 35. hxg5 Nxd4 36. Rf6 Rge7 37. c3 Ne2+ 38. Bxe2 Rxe2 39. a4 R2e5 40.
Rc6 Rxg5+ 41. Kh2 Re4 42. Kh3 Rc4 0-1

[Event "8th Asian Continental/Individu"]
[Site "Subic Bay Free Port"]
[Date "2009.05.16"]
[Round "4.18"]
[White "Shamima, Akter Liza"]
[Black "Bernales, Christy Lamiel"]
[Result "1-0"]
[WhiteElo "2125"]
[BlackElo "2041"]
[PlyCount "81"]
[EventDate "2009.05.13"]

1. d4 Nf6 2. c4 e6 3. Nc3 b6 4. e4 d6 5. Bd3 Bb7 6. Nge2 Be7 7. O-O e5 8. d5
Nbd7 9. a3 O-O 10. Rb1 h6 11. Ng3 Nc5 12. Bc2 Bc8 13. b4 Nb7 14. Qe2 Kh7 15.
Nf5 Ng8 16. Nxe7 Qxe7 17. f4 g6 18. f5 g5 19. h4 f6 20. Nd1 Qf7 21. Rb3 Nd8 22.
Rh3 Qg7 23. Nf2 Nf7 24. Ng4 Bd7 25. Kf2 Be8 26. Rfh1 c5 27. dxc6 Bxc6 28. hxg5
fxg5 29. Qe3 Rae8 30. a4 Bd7 31. Bb3 Bc6 32. b5 Bb7 33. c5 d5 34. c6 d4 35. Qd2
Nd6 36. Bd5 Nxf5 37. exf5 Rxf5+ 38. Ke1 e4 39. Bxg8+ Kxg8 40. Nxh6+ Kf8 41.
Nxf5 1-0

[Event "8th Asian Continental/Individu"]
[Site "Subic Bay Free Port"]
[Date "2009.05.16"]
[Round "4.20"]
[White "Lkhamsuren, Uuganbayar"]
[Black "Li, Panru"]
[Result "1/2-1/2"]
[WhiteElo "2038"]
[BlackElo "2146"]
[PlyCount "86"]
[EventDate "2009.05.13"]

1. e4 e6 2. d4 d5 3. e5 c5 4. c3 Nc6 5. Nf3 Bd7 6. Be2 Qb6 7. a3 Nge7 8. b4
cxd4 9. cxd4 Nf5 10. Bb2 Rc8 11. O-O Na5 12. Nbd2 Nc4 13. Bxc4 dxc4 14. Ne4 Be7
15. Nc5 Qc7 16. Rc1 b6 17. Ne4 O-O 18. Nfd2 b5 19. Qg4 Nh6 20. Qh5 f5 21. Ng3
a5 22. Bc3 axb4 23. axb4 Ng4 24. Nde4 Nxe5 25. dxe5 fxe4 26. Nxe4 Rf5 27. Qg4
Rcf8 28. Rcd1 Kh8 29. f4 R5f7 30. Nd6 Bxd6 31. exd6 Qa7+ 32. Kh1 e5 33. Qg3
Rxf4 34. Rxf4 Rxf4 35. Bxe5 Rf7 36. Qg5 Qa8 37. h4 Kg8 38. Ra1 Qe8 39. Ra3 h6
40. Qg3 Bc6 41. Re3 Qd7 42. Bd4 Kh7 43. Ra3 Qe6 1/2-1/2

[Event "8th Asian Continental/Individu"]
[Site "Subic Bay Free Port"]
[Date "2009.05.16"]
[Round "4.21"]
[White "Jose, Rulp Ylem"]
[Black "Sun, Fanghui"]
[Result "0-1"]
[WhiteElo "2054"]
[BlackElo "2146"]
[PlyCount "66"]
[EventDate "2009.05.13"]

1. e4 c5 2. Nc3 Nc6 3. f4 d6 4. Bb5 Bd7 5. Nf3 g6 6. O-O Bg7 7. d3 Nf6 8. Qe1
O-O 9. Qh4 Nd4 10. Bxd7 Nxd7 11. Rf2 e6 12. Qh3 Qb6 13. f5 exf5 14. Nd5 Qd8 15.
Bg5 Nxf3+ 16. Rxf3 Qxg5 17. exf5 Nb6 18. Rg3 Qd8 19. Nf4 Qd7 20. Rf1 Rae8 21.
Qg4 Bd4+ 22. Kh1 Re3 23. Rxe3 Bxe3 24. Nh5 Bd4 25. c3 Bg7 26. Nxg7 Kxg7 27. f6+
Kh8 28. Qg5 Qe6 29. h3 Nd7 30. g4 Re8 31. c4 Qe3 32. Qh4 Qxd3 33. Qh6 Qxf1+ 0-1

[Event "8th Asian Continental/Individu"]
[Site "Subic Bay Free Port"]
[Date "2009.05.16"]
[Round "4.22"]
[White "Khademalsharieh, Sarasadat"]
[Black "Tay, Li-Jin Jeslin"]
[Result "0-1"]
[WhiteElo "1806"]
[BlackElo "2068"]
[PlyCount "68"]
[EventDate "2009.05.13"]

1. d4 d5 2. c4 e6 3. Nc3 c6 4. cxd5 exd5 5. Nf3 Bf5 6. Qb3 Qb6 7. Qa4 Nd7 8. g3
Ngf6 9. Bg2 Be7 10. O-O h6 11. Ne5 O-O 12. Nxd7 Nxd7 13. h3 Nf6 14. Kh2 Rfe8
15. Qd1 Rad8 16. Na4 Qa6 17. Bf4 Bb4 18. a3 Bf8 19. Nc3 Ne4 20. Bf3 c5 21. dxc5
Bxc5 22. Bxe4 dxe4 23. Qc2 Bd4 24. Rad1 Qe6 25. g4 Bg6 26. e3 Bxc3 27. Qxc3 Rd3
28. Qb4 Red8 29. Rc1 h5 30. gxh5 Bxh5 31. Qxb7 Rd2 32. Rc6 Qf5 33. Qxa7 Be2 34.
Rg1 Bb5 0-1

[Event "8th Asian Continental/Individu"]
[Site "Subic Bay Free Port"]
[Date "2009.05.17"]
[Round "5.1"]
[White "Swathi, Ghate"]
[Black "Ju, Wenjun"]
[Result "1/2-1/2"]
[WhiteElo "2330"]
[BlackElo "2454"]
[PlyCount "73"]
[EventDate "2009.05.13"]

1. e4 c5 2. Nf3 d6 3. d4 cxd4 4. Nxd4 Nf6 5. Nc3 a6 6. Be3 e5 7. Nf3 Qc7 8. a4
Be7 9. a5 O-O 10. Be2 Nc6 11. Bb6 Qd7 12. Nd2 d5 13. exd5 Nxd5 14. Nxd5 Qxd5
15. O-O Qe6 16. Nc4 Qg6 17. c3 Be6 18. Qd3 f5 19. f4 exf4 20. Rxf4 Bd8 21. Bc5
Bc7 22. Bxf8 Bxf4 23. Bc5 Rd8 24. Qf3 Bc7 25. Qf1 Qh6 26. h3 Qg5 27. Bb6 Bxb6+
28. axb6 f4 29. Kh1 Ne7 30. Rd1 Rxd1 31. Qxd1 Nf5 32. b3 Ng3+ 33. Kh2 Ne4 34.
Bf3 Qg3+ 35. Kg1 Qf2+ 36. Kh2 Qg3+ 37. Kg1 1/2-1/2